00524nam a2200157 a 450000100100000000500170001000800410002704000250006808200150009324500550010826000430016330000200020604900090022695201140023599900170034900003048720200930062335.0110518s19uu dr a 000 0 spa d aDO-SdBNPbspacBNPHU axxxbA411h00aAlimentación, higiene y evaluación del niño. aSanto Domingo :bProfamilia,c[19--?]. a39 p. ;c23 cm. aBNPD 00107-18PDaPDbPDcOId2011-05-18iLF1l0oxxx A411hp30487-10r2020-06-25w2020-06-25yLFPDZNo se presta c29979d29979